Geography Quiz

Random Geography or State Quiz

U.S. States by Biggest, Smallest Neighbors Quiz Stats

 Plays Quiz not verified by Sporcle

Challenge
Share
Tweet
Score 0/10 Timer 03:00
0 Plays Today
% Correct
Nevada
94.7%
New Mexico
85.5%
Minnesota
84.2%
Iowa
81.6%
South Carolina
80.3%
Alabama
77.6%
Vermont
77.6%
West Virginia
75%
Delaware
69.7%
Alabama
69.7%

You're not logged in!

Compare scores with friends on all Sporcle quizzes.
Join for Free
OR
Log In

You Might Also Like...

Show Comments

Extras

Top Quizzes Today


Score Distribution

Your Account Isn't Verified!

In order to create a playlist on Sporcle, you need to verify the email address you used during registration. Go to your Sporcle Settings to finish the process.

Report this User

Report this user for behavior that violates our Community Guidelines.

Details: